Lord John: Roman

Enregistré dans:
Détails bibliographiques
Auteur principal: Baronian, Jean - Baptiste
Format: Livre
Langue:Undetermined
Publié: París, Francia Labor 1996
Sujets:
Tags: Ajouter un tag
Pas de tags, Soyez le premier à ajouter un tag!

MARC

LEADER 00000nam a2200000Ia 4500
008 170316s9999 xx 000 0 und d
040 |a cru BVZT 
090 |a 840 B-2.1L 
100 |a Baronian, Jean - Baptiste 
245 |a Lord John: Roman 
260 |a París, Francia 
260 |b Labor 
260 |c 1996 
300 |a 220 páginas 
650 |a LITERATURA FRANCESA 
650 |a NOVELA 
999 |c 7501  |d 7501 
942 |c 15 D  |h 840 B-2.1L  |2 z